Das Kaffeehaus ovvero La bottega del caffe da Carlo Goldoni /
I tiakina i:
| Kaituhi matua: | |
|---|---|
| Ētahi atu kaituhi: | |
| Hōputu: | Pukapuka |
| Reo: | Itāriana |
| I whakaputaina: |
Roma :
Gremese,
c1989
|
| Rangatū: | Teatro
|
| Ngā Tūtohu: |
Kāore He Tūtohu, Me noho koe te mea tuatahi ki te tūtohu i tēnei pūkete!
|
MARC
| LEADER | 00000nam a2200000 i 4500 | ||
|---|---|---|---|
| 001 | IT\ICCU\VEA\0026861 | ||
| 003 | ItRI | ||
| 005 | 20260115231924.0 | ||
| 008 | 920721s1989 it |||||| ||||| |||||c | ||
| 020 | |a 8876054332 | ||
| 020 | |b (NUMERO ISBN ERRATO) |z 8876054337 |b (NUMERO ISBN ERRATO) | ||
| 040 | |b ita |c importazione bologna sebina | ||
| 041 | 7 | |a ita |2 ISO-639-2 | |
| 082 | |a 832.914 |9 LETTERATURA DRAMMATICA TEDESCA. 1945- |2 19 | ||
| 100 | 1 | |a Fassbinder, Rainer Werner |0 IT\ICCU\RAVV\057361 |4 aut | |
| 240 | 1 | 4 | |a Das Kaffeehaus nach Goldoni |3 IT\ICCU\LO1\0028474 |9 Fassbinder, Rainer Werner |
| 245 | 1 | 4 | |a Das Kaffeehaus ovvero La bottega del caffe da Carlo Goldoni / |c Rainer Werner Fassbinder. |
| 260 | |a Roma : |b Gremese, |c c1989 | ||
| 300 | |a 95 p. ; |c 20 cm | ||
| 500 | |a Trad. di Renato Giordano. | ||
| 700 | 1 | |a Giordano, Renato |c (omonimi non identificati) |0 IT\ICCU\CFIV\033912 | |
| 790 | 1 | |a Fassbinder, R. W. |3 IT\ICCU\SBNV\033759 |z Fassbinder, Rainer Werner | |
| 790 | 1 | |a Fassbinder, Rainer |3 IT\ICCU\SBNV\033760 |z Fassbinder, Rainer Werner | |
| 790 | 1 | |a Fassbinder, Werner |3 IT\ICCU\SBNV\033758 |z Fassbinder, Rainer Werner | |
| 830 | 0 | |a Teatro |0 IT\ICCU\LO1\0028465 | |
| 942 | |2 ddc |c BK |n 0 | ||
| 952 | |0 0 |1 0 |4 0 |6 DOC_832_000000000000000_FAS |7 0 |9 16581 |a BO |b BO |d 2026-01-15 |i 2857 |l 0 |o DOC 832 FAS |p BO2857 |r 2026-01-15 23:19:24 |w 2026-01-15 |x [Sebina 5] [1 v.] |y BK |z 1 v. | ||
| 999 | |c 14191 |d 14191 | ||